Clique nas Letras Gregas! - Statistics

Estatísticas Gerais
  • Esse quiz foi jogado 72 vezes
  • A pontuação média é 9 de 19
Answers on the Grid
Answers color-coded by a green-red scale on the quiz's grid according to % correct below.
β
γ
δ
ε
ζ
η
θ
λ
μ
ξ
π
ρ
σ
ς
τ
φ
χ
ψ
ω
ж
б
щ
щ
ч
ה
פ
א
ף
ß
?
 
Estatísticas das Respostas
Resposta % Correto
β
81%
θ
70%
π
68%
λ
62%
σ
62%
ω
62%
ψ
59%
μ
51%
ρ
51%
φ
51%
η
46%
δ
41%
ε
38%
ξ
38%
γ
35%
ζ
35%
τ
30%
χ
30%
ς
24%
Nenhum quiz correspondente encontrado
Distribuição das Pontuações
Porcentagem de Pessoas com Cada Pontuação
Percentil de Números Respondidos
Sua Pontuação Histórica
Você não jogou esse quiz